Odgadnij legendę sportu i sport z którego był znany. - Statystyki

Ogólne statystyki
  • Ten quiz został rozwiązany 1 264 razy
    1 192 od ostatniego zresetowania
  • Średni wynik to 12 z 18
Statystyki odpowiedzi
Opis Odpowiedź % Poprawnych
Nazwa Sportu ----> Koszykówka
95%
Nazwa Sportu ----> Tenis
90%
Amerykanin. Urodzony w Nowym Jorku sportowiec, który sukces osiągnął w dysciplinie znanej z wysokiego wzrostu graczy biąracych w niej udział. Wraz ze swoją drużyną byków, 6 razy wygrywał mistrzostwo. Jego nazwisko nosi jedna z najbardziej znanych marek produkujących odzież sportową. Michael Jordan
87%
Nazwa Sportu ----> Piłka Nożna
87%
Szwajcar, wieloletni lider rankingu federacji zajmującym się jego sportem, na pierwszej pozycji spędził łącznie 310 tygodni. Mistrz olimpijski z Pekinu. W najbardziej prestiżowych turniejach swojej dyscipliny triumfował 20 razy, więcej niż ktokolwiek inny. Posiada sukcesy w dysciplinach pojedyńczych i drużynowych swojego sportu. Jest 7. najlepiej zarabiającym sportowcem, 65 z 77 milionów dolarów które zarobił w 2018 roku pochodzą z umów reklamowych. Roger Federer
85%
Argentyńczyk. Znany pod psedonimem "El Diez". Nie tylko wybitny sportowiec lecz również trener. Mistrz Świata z mistrzostw rozgrywanych w 1986 roku w Meksyku. Mimo że osiągał sukces na poziomie klubowym, między innymi we Włoszech, znany jest głównie ze swojej gry w reprezentacji. Po zakończeniu kariery przez dwa lata trenował reprezentację swojego kraju. Sport jest najbardziej popularnym sportem na świecie. Diego Maradona
81%
Polak. Czterokrotny Mistrz Świata. Czterokrotnie wybierany najlepszym Polskim sportowcem. Honorowy obywatel Polskiego miasta, które jest centrum dla tego sportu, oraz patron obiektu sportowego w swoim rodzinnym mieście. W każdym polskim domu słychać można było wezwanie do telewizora gdy nadchodziła jego tura. Po zakończeniu swojej kariery w tym sporcie, spróbował swoich sił w rajdach. Sport wykonywany na wysokościach. Adam Małysz
77%
Nazwa Sportu ----> Pływanie
77%
Nazwa Sportu ----> Skoki Narciarskie
77%
Nazwa Sportu ----> Wyscigi Samochodowe (Formuła 1)
72%
Amerykanin. 23-krotny mistrz olimpijski, 26-krotny mistrz świata, posiadacz wielu rekordów w swojej dysciplinie. Po ostatnich igrzyskach olimpijskich zakończył karierę jako najbardziej utytułowany sportowiec w historii nowożytnych igrzysk. Jego sport jest bardzo wymagający fizycznie, polegający głównie na pracy górnego ciała. Można go wykonywać w kilku różnych stylach. Michael Phelps
69%
Nazwa Sportu ----> Hokej
65%
Nazwa Sportu ----> Boks
62%
Amerykanin. Mistrz olimpijski z 1960 roku. W 1964 roku przeszedł na Islam i zmienił imię. Znany nie tylko ze swojej kariery sportowej lecz również swoich poglądów politycznych, m.in. przeciwko rasizmowi oraz Amerykańskiemu interwecjonizmowi. Laurerat wielu nagród pokojowych. Sport w którym bardzo ważna jest strategia i wola walki. Muhammad Ali
51%
Brazylijczyk. 3-krotny mistrz świata swojej dyscipliny. Uważany za najlepszego w historii swojego sportu, mimo że pod względem sukcesu w liczbach, jest kilku którzy wypadają lepiej. Jego kariera skończyła się szybciej niż powinna gdy w 1994 umarł wykonując ten sport. Jego ostra rywalizacja z pewnym francuzem przeszła do historii przez to że oboje często ryzykowali swoje życie, tylko po to żeby utrudnić drugiemu zwycięstwo. W swoim kraju jest uważany za legendę nie tylko przez swoje sukcesy w sporcie, lecz również przez swoją filantropię. Dyscyplina w której występował nazywana jest "Królową Motosportu". Ayrton Senna
42%
Nazwa Sportu ----> Lekkoatletyka
33%
Kanadyjczyk. Jego dziadek pochodzi z regionu dzisiejszej Białorusi. Uważany za bohatera w swoim kraju, w którym ta dysciplina jest bardzo szanowana. Kawaler Orderu Kanady. Numer który nosił na koszulce jest jedynym w historii tego sportu, który został zastrzeżony przez całą ligę, to znaczy że nikt nigdy z nim nie zagra. Znany jest pod pseudonimem "The Great One". Sport jest bardzo popularny w Kanadzie, Ameryce, Rosji i Skandynawii. Wayne Gretzky
23%
Amerykanin. Na igrzyskach olimpijskich w Berlinie zdobył 4 złote medale. Podczas zawodów w 1935 roku ustanowił 3 rekordy świata w zaledwie 45 minut, jeden z nich utrzymał się przez 25 lat. Mimo że był wybitnym sportowcem, bardziej jest znany w historii przez swoją interakcję z pewnym Austriackim malarzem, która tak naprawdę wyglądała inaczej niż jest dzisiaj opisywana. Sport o króry chodzi to tak naprawdę grupa sportów polagających na osiąganiu liczbowych wyników za zdolności swojego ciała. Jesse Owens
9%
Nie znaleziono quizów pasujących do podanych kryteriów
Rozkład punktacji
Procent ludzi z każdym wynikiem
Percentyl według liczby udzielonych odpowiedzi
Twoja historia wyników
Nie rozwiązałeś tego quizu od ostatniego zresetowania